| 000 | 00896cam a22002414a 4500 | ||
|---|---|---|---|
| 001 | 15141331 | ||
| 005 | 20250617123057.0 | ||
| 008 | 080114s2008 miu b 000 0 eng | ||
| 020 | _a9780310279242 (pbk. : alk. paper) | ||
| 020 | _a0310279240 (pbk. : alk. paper) | ||
| 050 | 0 | 0 |
_aBR115.O3 _bM94 2008 |
| 082 | 0 | 0 |
_a261.5/13 _222 |
| 100 | 1 |
_aMyers, Bill, _d1953- |
|
| 245 | 1 | 4 |
_aDark side of the supernatural : _bwhat is of God and what isn't / _cBill Myers and Dave Wimbish. |
| 250 | _a[Rev. ed.]. | ||
| 260 |
_aGrand Rapids, MI : _bZondervan, _cc2008. |
||
| 300 |
_a184 p. ; _c21 cm. |
||
| 650 | 0 |
_aOccultism _xReligious aspects _xChristianity. |
|
| 700 | 1 | _aWimbish, David. | |
| 856 | 4 | 1 |
_3Table of contents only _uhttp://www.loc.gov/catdir/toc/ecip088/2008001778.html |
| 856 | 4 | 2 |
_3Publisher description _uhttp://www.loc.gov/catdir/enhancements/fy0809/2008001778-d.html |
| 942 |
_2lcc _cBK _n0 |
||
| 999 |
_c6544 _d6544 |
||